Catálogo

Vista normal Vista MARC

Entrada Personal Name

Número de registros utilizados en: 2

001 - CONTROL NUMBER

  • control field: 17794

003 - CONTROL NUMBER IDENTIFIER

  • control field: DLC

005 - DATE AND TIME OF LATEST TRANSACTION

  • control field: 20260123150624.0

008 - FIXED-LENGTH DATA ELEMENTS

  • fixed length control field: 011109n| acannaabn |a aaa c

010 ## - LIBRARY OF CONGRESS CONTROL NUMBER

  • LC control number: no2001089896

035 ## - SYSTEM CONTROL NUMBER

  • System control number: (OCoLC)oca05622844

040 ## - CATALOGING SOURCE

  • Original cataloging agency: TNJ
  • Language of cataloging: spa
  • Transcribing agency: Mx-PuUPA
  • Modifying agency: Mx-PuUPA
  • Description conventions: rda

100 1# - HEADING--PERSONAL NAME

  • Personal name: Vite Pérez, Miguel Angel,

373 ## - ASSOCIATED GROUP

  • Associated group: Universidad de Alicante

374 ## - OCCUPATION

  • Occupation: Autor
  • Occupation: Doctor en bienestar social y desigualdades

375 ## - GENDER

  • Gender: hombre

377 ## - ASSOCIATED LANGUAGE

  • Language code: spa

400 1# - SEE FROM TRACING--PERSONAL NAME

  • Personal name: Pérez, Miguel Angel Vite

670 ## - SOURCE DATA FOUND

  • Source citation: Qué solos están los pobres, 2001:
  • Information found: t.p. (Miguel Angel Vite Pérez)